[Event "2.BLS 1617 SC Eppingen - Schott Mainz"]
[Site "?"]
[Date "2017.02.19"]
[Round "6.4"]
[White "Medvegy, Zoltan"]
[Black "Cicak, Slavko"]
[Result "1/2-1/2"]
[WhiteElo "2534"]
[BlackElo "2509"]
[PlyCount "55"]
[EventDate "2017.??.??"]

1. d4 Nf6 2. c4 g6 3. Nc3 Bg7 4. e4 O-O 5. Nf3 d6 6. Be2 c5 7. d5 Bg4 8. Ng5
Bxe2 9. Qxe2 Re8 10. O-O h6 11. Nf3 e6 12. Qd3 exd5 13. exd5 Nbd7 14. Bf4 Qb6
15. h3 a6 16. Rab1 Re7 17. Rfe1 Rae8 18. Rxe7 Rxe7 19. b3 Nh5 20. Bd2 Ne5 21.
Nxe5 Rxe5 22. a3 Qd8 23. b4 b6 24. Na4 Re8 25. b5 axb5 26. cxb5 Bd4 27. Qf3 Re5
28. g4 1/2-1/2

[Event "2.BLS 1617 SC Eppingen - Schott Mainz"]
[Site "?"]
[Date "2017.02.19"]
[Round "6.5"]
[White "Balcerak, Jakob"]
[Black "Guliyev, Namig"]
[Result "1/2-1/2"]
[WhiteElo "2449"]
[BlackElo "2571"]
[PlyCount "128"]
[EventDate "2017.??.??"]

1. d4 d5 2. c4 dxc4 3. Nf3 Nf6 4. e3 Bg4 5. Bxc4 e6 6. Nbd2 a6 7. h3 Bh5 8. g4
Bg6 9. Ne5 c5 10. Qf3 Ra7 11. O-O b5 12. Be2 cxd4 13. exd4 Be7 14. a4 bxa4 15.
Rxa4 O-O 16. Nxg6 hxg6 17. Ne4 Nd5 18. Nc3 Qd7 19. b3 Nb6 20. Ra2 Nc6 21. Be3
Nb4 22. Ra5 Rc7 23. Na2 Nxa2 24. Rxa2 Rb8 25. Rxa6 Rc3 26. Bc4 Nxc4 27. bxc4
Rxc4 28. Rd1 Rb5 29. Ra8+ Rc8 30. Rc1 Rd8 31. Rxd8+ Qxd8 32. Qc6 Rd5 33. Ra1
Rd6 34. Qb7 Rd7 35. Qc6 Rc7 36. Qf3 Rc8 37. Ra7 Qe8 38. Kg2 Rd8 39. Qb7 Bf6 40.
Qb6 Rd5 41. Rb7 Bd8 42. Rb8 Qd7 43. Bg5 f6 44. Be3 g5 45. Qa6 Rd6 46. Qc8 Qxc8
47. Rxc8 Kf7 48. f3 Bb6 49. Rc4 Rd5 50. Rb4 Ba5 51. Rb7+ Kg6 52. Rb3 Rd6 53.
Bf2 Bd2 54. Rd3 Bf4 55. h4 gxh4 56. Bxh4 Rd5 57. Bf2 Ra5 58. Rd1 Kf7 59. Rb1
Ke8 60. Rb6 Kf7 61. Rb7+ Kf8 62. Rb6 Kf7 63. Rb7+ Kf8 64. Rb6 Kf7 1/2-1/2

[Event "2.BLS 1617 SC Eppingen - Schott Mainz"]
[Site "?"]
[Date "2017.02.19"]
[Round "6.6"]
[White "Mesaros, Florian"]
[Black "Schenderowitsch, Michael"]
[Result "1/2-1/2"]
[WhiteElo "2373"]
[BlackElo "2343"]
[PlyCount "48"]
[EventDate "2017.??.??"]

1. Nf3 Nf6 2. c4 e6 3. g3 b6 4. Bg2 Bb7 5. Nc3 Be7 6. O-O O-O 7. Re1 Ne4 8.
Nxe4 Bxe4 9. d3 Bb7 10. e4 c5 11. d4 cxd4 12. Nxd4 a6 13. b3 Qc8 14. Bb2 Rd8
15. Qe2 d6 16. f4 Nd7 17. Kh1 Bf8 18. a4 Qc7 19. a5 Nf6 20. g4 e5 21. Nf5 g6
22. Ng3 Nd7 23. Rf1 exf4 24. Rxf4 Bh6 1/2-1/2

[Event "2.BLS 1617 SC Eppingen - Schott Mainz"]
[Site "?"]
[Date "2017.02.19"]
[Round "6.7"]
[White "Lanka, Zigurds"]
[Black "Hacker, Jonas"]
[Result "1/2-1/2"]
[WhiteElo "2445"]
[BlackElo "2318"]
[PlyCount "176"]
[EventDate "2017.??.??"]

1. e4 e5 2. Nf3 Nc6 3. Bb5 a6 4. Ba4 Nf6 5. O-O Be7 6. d3 b5 7. Bb3 O-O 8. Re1
d6 9. c3 Na5 10. Bc2 c5 11. Nbd2 Nc6 12. Nf1 Re8 13. h3 h6 14. Ne3 Bf8 15. Nh2
d5 16. exd5 Nxd5 17. Nxd5 Qxd5 18. d4 cxd4 19. Be4 Qd6 20. cxd4 Bb7 21. dxe5
Qxd1 22. Rxd1 Rxe5 23. Bf3 Na5 24. Bd2 b4 25. Be3 Ree8 26. b3 Bxf3 27. Nxf3 Nb7
28. Rac1 Nd6 29. g4 a5 30. Rd5 Ne4 31. Bd4 a4 32. Rc7 axb3 33. axb3 Red8 34.
Rxd8 Rxd8 35. Rc4 Ng5 36. Nxg5 hxg5 37. Kg2 f6 38. Kf3 Kf7 39. Ke2 Ra8 40. Kd3
Ra3 41. Kc2 Ra2+ 42. Kd3 Ra3 43. Rc7+ Ke6 44. Kc4 Ra2 45. Ra7 Rc2+ 46. Kd3 Rc1
47. Ra1 Rxa1 48. Bxa1 Kd5 49. Bd4 Bd6 50. Be3 Bc7 51. Bd2 Bd6 52. f3 Bc5 53. f4
gxf4 54. Bxf4 g5 55. Bc1 Bd4 56. Bd2 Bc5 57. Be1 Bd6 58. Bf2 Be5 59. Bb6 Bd6
60. Bd8 Be5 61. Ba5 Bc3 62. Bc7 Bd4 63. Bd6 Bc3 64. Bf8 Be1 65. Be7 Bc3 66. Bd8
Bd4 67. Bc7 Bf2 68. Bh2 Bd4 69. Bg3 Bc3 70. Bf2 Be5 71. Be1 Bd6 72. h4 gxh4 73.
Bxh4 Be5 74. Be1 Bd6 75. Bd2 Bf8 76. Be3 Bd6 77. Bh6 Be5 78. Bg7 Bc3 79. Bf8
Be1 80. Ke3 Bc3 81. Be7 Ke6 82. Bd8 f5 83. g5 Kf7 84. Bc7 Kg6 85. Bd8 Bb2 86.
Be7 Bc1+ 87. Kd3 Bxg5 88. Bxb4 Kf6 1/2-1/2

[Event "2.BLS 1617 SC Eppingen - Schott Mainz"]
[Site "?"]
[Date "2017.02.19"]
[Round "6.8"]
[White "Gibicar, Danijel"]
[Black "Kienast, Joerg"]
[Result "1-0"]
[WhiteElo "2254"]
[BlackElo "2227"]
[PlyCount "74"]
[EventDate "2017.??.??"]

1. e4 e5 2. Nf3 Nc6 3. Bb5 a6 4. Ba4 Nf6 5. d3 d6 6. c3 b5 7. Bb3 Be7 8. O-O
O-O 9. Re1 Na5 10. Bc2 c5 11. Nbd2 Re8 12. Nf1 Bf8 13. Ne3 g6 14. h3 Bg7 15. a4
Bb7 16. b4 cxb4 17. cxb4 Nc6 18. Bb3 Nd4 19. Nxd4 exd4 20. Nc2 d5 21. e5 Nd7
22. f4 Qh4 23. Qg4 Qxg4 24. hxg4 Bf8 25. axb5 axb5 26. Rxa8 Bxa8 27. Bd2 g5 28.
g3 Bh6 29. Nxd4 gxf4 30. Nf5 Bg5 31. d4 Nb6 32. gxf4 Be7 33. Ra1 Bc6 34. Nxe7+
Rxe7 35. Ra6 Rb7 36. f5 Bd7 37. Bh6 Bc6 1-0

[Event "2.BLS 1617 SC Viernheim - Caissa Schwar"]
[Site "?"]
[Date "2017.02.19"]
[Round "6.1"]
[White "Frischmann, Rick"]
[Black "Fedorchuk, Sergey"]
[Result "0-1"]
[WhiteElo "2319"]
[BlackElo "2623"]
[PlyCount "76"]
[EventDate "2017.??.??"]

1. e4 c5 2. Nf3 a6 3. c4 b6 4. Nc3 Bb7 5. d4 cxd4 6. Nxd4 e6 7. Be2 d6 8. O-O
Nf6 9. f3 Be7 10. Be3 O-O 11. Qd2 Qc7 12. Rfd1 Rc8 13. Rac1 Nbd7 14. b4 Qd8 15.
Nb3 a5 16. a3 axb4 17. axb4 Qf8 18. Qd4 Ra3 19. Rb1 Bc6 20. Qd2 Ba4 21. Nxa4
Rxa4 22. Bf1 Rca8 23. Ra1 d5 24. Rxa4 Rxa4 25. cxd5 exd5 26. exd5 Bxb4 27. Qc2
Ra3 28. Bc1 Ra8 29. Bb5 Rc8 30. Qb1 Qe7 31. Bf4 Bd6 32. Bxd6 Qxd6 33. Bc6 g5
34. Kh1 Ne5 35. Nd4 Nxd5 36. Bxd5 Qxd5 37. Qxb6 Rd8 38. h3 Nc6 0-1

[Event "2.BLS 1617 SC Viernheim - Caissa Schwar"]
[Site "?"]
[Date "2017.02.19"]
[Round "6.2"]
[White "Maze, Sebastien"]
[Black "Oberhofer, Andre"]
[Result "1-0"]
[WhiteElo "2613"]
[BlackElo "2302"]
[PlyCount "80"]
[EventDate "2017.??.??"]

1. e4 e5 2. Nf3 Nc6 3. Nc3 Nf6 4. Bb5 Nd4 5. Bc4 Nxf3+ 6. gxf3 Bc5 7. Rg1 b5 8.
Bb3 O-O 9. d3 c6 10. Bg5 Qb6 11. Qd2 Nh5 12. a4 b4 13. Nd1 d5 14. Be3 Kh8 15.
exd5 Bb7 16. a5 Bxe3 17. Nxe3 Qd4 18. a6 Bc8 19. dxc6 Nf4 20. Nc4 Bh3 21. O-O-O
f6 22. Rge1 Bf5 23. Qe3 Ne6 24. Na5 Qb6 25. Qxb6 axb6 26. Nc4 Nd4 27. Nd6 Rxa6
28. Nxf5 Nxf3 29. c3 Ra1+ 30. Kc2 Nxe1+ 31. Kd2 Nf3+ 32. Ke3 Rxd1 33. Bxd1 bxc3
34. bxc3 Ng5 35. Bb3 Nf7 36. d4 g6 37. Bxf7 exd4+ 38. Kxd4 Rxf7 39. Nd6 Re7 40.
Kc4 Re5 1-0

[Event "2.BLS 1617 SC Viernheim - Caissa Schwar"]
[Site "?"]
[Date "2017.02.19"]
[Round "6.3"]
[White "Wild, Achim"]
[Black "Abergel, Thal"]
[Result "1-0"]
[WhiteElo "2269"]
[BlackElo "2464"]
[PlyCount "69"]
[EventDate "2017.??.??"]

1. Nf3 g6 2. d4 Bg7 3. e4 d6 4. Nc3 a6 5. Bg5 h6 6. Bh4 b5 7. a4 b4 8. Nd5 a5
9. Bc4 c6 10. Ne3 Nd7 11. e5 d5 12. Bd3 Nf8 13. c4 bxc3 14. bxc3 g5 15. Bg3 e6
16. h4 gxh4 17. Nxh4 Ne7 18. f4 Nfg6 19. Nxg6 fxg6 20. Qg4 O-O 21. Bh4 Rf5 22.
Nxf5 gxf5 23. Qg3 Kh7 24. Bf6 Qf8 25. Bxg7 Qxg7 26. Qxg7+ Kxg7 27. Kd2 Ba6 28.
Bxa6 Rxa6 29. Rab1 Ra7 30. Rb6 Kg6 31. Rhb1 Kh5 32. Rb7 Rxb7 33. Rxb7 Ng6 34.
Ke3 Nh4 35. g3 1-0

[Event "2.BLS 1617 SC Viernheim - Caissa Schwar"]
[Site "?"]
[Date "2017.02.19"]
[Round "6.4"]
[White "Beikert, Guenther"]
[Black "Weller, Manuel"]
[Result "1-0"]
[WhiteElo "2403"]
[BlackElo "2221"]
[PlyCount "155"]
[EventDate "2017.??.??"]

1. e4 e6 2. d4 d5 3. e5 c5 4. c3 Nc6 5. Nf3 Qb6 6. Be2 Bd7 7. O-O f6 8. dxc5
Bxc5 9. b4 Be7 10. Bf4 fxe5 11. Nxe5 Nf6 12. Nxd7 Nxd7 13. Nd2 O-O 14. Bg3 Bf6
15. Rc1 Rfe8 16. a3 a5 17. b5 Ne7 18. Nf3 Nc5 19. Be5 Bxe5 20. Nxe5 Qd6 21. Nf3
Rad8 22. Re1 Ng6 23. Bf1 e5 24. Qc2 Qf6 25. Rcd1 Kh8 26. Qa2 Nf4 27. Re3 e4 28.
Ne1 Re5 29. g3 Ng6 30. Nc2 Ne7 31. Nd4 Nf5 32. Ree1 Nh6 33. Qd2 Rf8 34. Bg2 Nd3
35. Rf1 Nc5 36. Nc2 Rh5 37. Ne3 Rd8 38. f3 Qe7 39. g4 Re5 40. f4 Re6 41. g5 Nf7
42. Nxd5 Qd6 43. c4 Nb3 44. Qe3 a4 45. f5 Ree8 46. Nc3 Qxa3 47. Rxd8 Rxd8 48.
Nxe4 Qe7 49. g6 hxg6 50. Qh3+ Nh6 51. f6 Qe5 52. Qh4 Rf8 53. Ng5 a3 54. fxg7+
Qxg7 55. Rxf8+ Qxf8 56. Ne6 a2 57. Nxf8 a1=Q+ 58. Bf1 Qg7 59. Ne6 g5 60. Qxg5
Qxg5+ 61. Nxg5 Kg7 62. Ne4 Nf5 63. Kf2 b6 64. Bh3 Ne7 65. Ke3 Ng6 66. Be6 Ne5
67. h3 Na5 68. Kd4 Nf3+ 69. Kd5 Ne1 70. Kd6 Nc2 71. Kc7 Na3 72. Kxb6 N5xc4+ 73.
Bxc4 Nxc4+ 74. Kc7 Kh6 75. b6 Nxb6 76. Kxb6 Kh5 77. Kc5 Kh4 78. Nf2 1-0

[Event "2.BLS 1617 SC Viernheim - Caissa Schwar"]
[Site "?"]
[Date "2017.02.19"]
[Round "6.5"]
[White "Grewenig, Jan"]
[Black "Libiszewski, Fabien"]
[Result "0-1"]
[WhiteElo "2115"]
[BlackElo "2545"]
[PlyCount "124"]
[EventDate "2017.??.??"]

1. e4 c5 2. Nf3 Nc6 3. d4 cxd4 4. Nxd4 e5 5. Nb5 d6 6. N1c3 a6 7. Na3 Be7 8.
Nd5 Nf6 9. Nxe7 Qxe7 10. Bd3 h6 11. Nc4 Bg4 12. f3 Be6 13. Nb6 Rd8 14. c4 Nd7
15. Nd5 Qh4+ 16. g3 Qh3 17. Bf1 Qh5 18. Nc7+ Ke7 19. Nxe6 fxe6 20. Be3 g5 21.
Bg2 Nf6 22. Qb3 Rd7 23. O-O Qg6 24. Rad1 Rc8 25. Qb6 Nd8 26. b3 Rc6 27. Qa5 Nf7
28. f4 gxf4 29. gxf4 Ng4 30. Ba7 b5 31. Bb6 Rb7 32. Bf2 exf4 33. Bh4+ Ke8 34.
Rxf4 Ne3 35. Rd2 Ng5 36. Kh1 e5 37. Rf5 Qh5 38. Bxg5 hxg5 39. Bf3 Qh4 40. Re2
Nxf5 41. exf5 Rbc7 42. Bxc6+ Rxc6 43. Qd2 Qf4 44. Qe1 bxc4 45. Rf2 Qh4 46. bxc4
Qxc4 47. Rd2 Qc1 48. Rd1 Qf4 49. Qe2 Ke7 50. f6+ Qxf6 51. Rf1 Qg6 52. Qf3 Rc7
53. Qf8+ Ke6 54. Kg1 g4 55. Qd8 Rd7 56. Qa8 g3 57. h4 g2 58. Rf2 Qb1+ 59. Kxg2
Qb7+ 60. Qxb7 Rxb7 61. Kg3 Rg7+ 62. Kh3 e4 0-1

[Event "2.BLS 1617 SC Viernheim - Caissa Schwar"]
[Site "?"]
[Date "2017.02.19"]
[Round "6.6"]
[White "Meinhardt, Maximilian"]
[Black "Gress, Alexander"]
[Result "1-0"]
[WhiteElo "2378"]
[BlackElo "2147"]
[PlyCount "51"]
[EventDate "2017.??.??"]

1. e4 c5 2. Nc3 Nc6 3. g3 g6 4. Bg2 Bg7 5. d3 d6 6. f4 e6 7. Nf3 Nge7 8. O-O
O-O 9. Be3 Nd4 10. e5 Nef5 11. Bf2 Bd7 12. Ne4 Nxf3+ 13. Qxf3 Bc6 14. c3 dxe5
15. Bxc5 exf4 16. Bxf8 Kxf8 17. Qxf4 Qxd3 18. Rae1 Bh6 19. Qe5 Be3+ 20. Kh1 h5
21. Rd1 Qc2 22. Qh8+ Ke7 23. Qxa8 Nd4 24. Qg8 Bxe4 25. Qxf7+ Kd8 26. Bxe4 1-0

[Event "2.BLS 1617 SC Viernheim - Caissa Schwar"]
[Site "?"]
[Date "2017.02.19"]
[Round "6.7"]
[White "Buermann, Jan"]
[Black "Markert, Malte"]
[Result "0-1"]
[WhiteElo "2106"]
[BlackElo "2341"]
[PlyCount "74"]
[EventDate "2017.??.??"]

1. d4 Nf6 2. c4 g6 3. Nc3 d5 4. cxd5 Nxd5 5. e4 Nxc3 6. bxc3 Bg7 7. Be3 O-O 8.
Qd2 e5 9. d5 f5 10. Bc5 Re8 11. Bc4 Nd7 12. Ba3 Qh4 13. Qe2 Nb6 14. Bd3 fxe4
15. Qxe4 Qd8 16. Bb5 Bf5 17. Qe2 c6 18. dxc6 bxc6 19. Rd1 Qf6 20. Rd6 Re6 21.
Bc4 Nxc4 22. Qxc4 Bf8 23. Rxe6 Bxe6 24. Qa4 Rb8 25. Ne2 Bxa3 26. Qxa3 Rb1+ 27.
Nc1 Bc4 28. f3 Qh4+ 29. g3 Qh3 30. Kf2 Qf5 31. Re1 Qc2+ 32. Kg1 Rb2 33. Ne2 Qd2
34. Qe7 Qxe1+ 35. Kg2 Qxe2+ 36. Kh3 Qxh2+ 37. Kg4 Qh5# 0-1

[Event "2.BLS 1617 SC Viernheim - Caissa Schwar"]
[Site "?"]
[Date "2017.02.19"]
[Round "6.8"]
[White "Mandel, Andreas"]
[Black "Recktenwald, Cedric"]
[Result "1-0"]
[WhiteElo "2400"]
[BlackElo "1684"]
[PlyCount "135"]
[EventDate "2017.??.??"]

1. d4 Nf6 2. Nf3 e6 3. c4 b6 4. g3 Bb7 5. Bg2 Be7 6. O-O O-O 7. Nc3 Ne4 8. Bd2
d5 9. cxd5 exd5 10. Rc1 Nd7 11. Bf4 c5 12. dxc5 Nxc3 13. Rxc3 bxc5 14. Rc1 Re8
15. Qc2 Bf8 16. Rfd1 h6 17. h4 Nb6 18. e3 Qc8 19. b3 a5 20. Kh2 Ra6 21. Qd3 a4
22. Rd2 axb3 23. axb3 Ra3 24. Qb1 Qa8 25. Ne5 Qa5 26. Rb2 Bc8 27. h5 Qb5 28.
Bf1 Qa5 29. Bd3 Be6 30. Bh7+ Kh8 31. Bf5 Qa7 32. Bxe6 Rxe6 33. Qf5 Rf6 34. Qg4
Ra2 35. Qe2 Ra3 36. Rcc2 Qa6 37. Qxa6 Rxa6 38. Ra2 Rxa2 39. Rxa2 c4 40. bxc4
dxc4 41. Rc2 Bd6 42. Nxf7+ Rxf7 43. Bxd6 Nd5 44. Kg2 Nf6 45. Rxc4 Nxh5 46. Be5
Nf6 47. f3 Re7 48. Bd4 Kg8 49. e4 Kf7 50. Rc6 h5 51. e5 Ne8 52. f4 g6 53. Kf3
Re6 54. Rc8 Re7 55. Bc5 Rc7 56. e6+ Kg7 57. Bd4+ Kf8 58. Ra8 Ke7 59. Be5 Rb7
60. Ra6 Rb3+ 61. Kg2 Rb7 62. Kh3 Rb1 63. Kh4 Rg1 64. Ra3 Kxe6 65. Kg5 h4 66. g4
Nd6 67. Ra6 Rd1 68. Kxh4 1-0

[Event "2.BLS 1617 SF Schöneck - SC Untergromb"]
[Site "?"]
[Date "2017.02.19"]
[Round "6.1"]
[White "Rogic, Davor"]
[Black "Poetsch, Hagen"]
[Result "1-0"]
[WhiteElo "2516"]
[BlackElo "2501"]
[PlyCount "49"]
[EventDate "2017.??.??"]

1. e4 e6 2. d4 d5 3. Nd2 Be7 4. Ngf3 Nf6 5. exd5 exd5 6. Bd3 O-O 7. O-O c5 8.
dxc5 Bxc5 9. Nb3 Bb6 10. h3 Nc6 11. c3 Ne4 12. Nbd4 Qf6 13. Be3 Re8 14. Re1 Bc7
15. Qb3 Nxd4 16. Bxd4 Qd6 17. Re3 Bd7 18. Rae1 Bc6 19. c4 Re6 20. cxd5 Bxd5 21.
Bc4 Bxc4 22. Qxc4 f5 23. Rxe4 fxe4 24. Rxe4 Rae8 25. Ng5 1-0

[Event "2.BLS 1617 SF Schöneck - SC Untergromb"]
[Site "?"]
[Date "2017.02.19"]
[Round "6.2"]
[White "Rydl, Jiri"]
[Black "Brunner, Nicolas"]
[Result "1/2-1/2"]
[WhiteElo "2394"]
[BlackElo "2474"]
[PlyCount "69"]
[EventDate "2017.??.??"]

1. c4 e6 2. g3 d5 3. Bg2 Nf6 4. Nf3 dxc4 5. Na3 Bxa3 6. bxa3 b5 7. Ne5 Nd5 8.
d3 cxd3 9. Qxd3 O-O 10. Qxb5 Ba6 11. Qb3 Qd6 12. Bb2 Nd7 13. Nxd7 Qxd7 14. Rd1
Rab8 15. Qc2 Qb5 16. Rd2 Nb6 17. Qc3 f6 18. Bc1 Bb7 19. Bxb7 Rxb7 20. O-O c5
21. Rfd1 Nd5 22. Qc2 c4 23. e4 Ne7 24. a4 Qb4 25. Bb2 e5 26. Bc3 Qc5 27. Rb1
Rfb8 28. Rxb7 Rxb7 29. Rd8+ Kf7 30. Qd1 Qb6 31. Kg2 Qc6 32. f3 Qc5 33. Qc1 Qc6
34. Qd1 Qc5 35. Qc1 1/2-1/2

[Event "2.BLS 1617 SF Schöneck - SC Untergromb"]
[Site "?"]
[Date "2017.02.19"]
[Round "6.3"]
[White "Bojkov, Dejan"]
[Black "Konopka, Michal"]
[Result "1-0"]
[WhiteElo "2478"]
[BlackElo "2397"]
[PlyCount "77"]
[EventDate "2017.??.??"]

1. Nf3 d5 2. g3 Nf6 3. Bg2 g6 4. O-O Bg7 5. d3 O-O 6. Nbd2 c5 7. e4 Nc6 8. Re1
e5 9. exd5 Nxd5 10. c3 h6 11. a4 Re8 12. Nc4 Bf5 13. a5 Rb8 14. Nh4 Be6 15. Qa4
Qc7 16. Qb5 b6 17. axb6 axb6 18. Bd2 Na7 19. Qa6 Nc6 20. f4 b5 21. Ne3 Rb6 22.
Qa3 b4 23. Qa4 bxc3 24. bxc3 Nde7 25. Nc4 Rbb8 26. Be3 Rbd8 27. Bxc5 exf4 28.
Bb6 Qc8 29. Bxd8 Rxd8 30. Qc2 fxg3 31. hxg3 Nd5 32. Ra3 Qc7 33. Kh2 Nf6 34.
Rxe6 fxe6 35. Qe2 e5 36. Nxg6 e4 37. Bxe4 Nxe4 38. Qxe4 Bf6 39. Ra6 1-0

[Event "2.BLS 1617 SF Schöneck - SC Untergromb"]
[Site "?"]
[Date "2017.02.19"]
[Round "6.4"]
[White "Marchio, Enrico"]
[Black "Spirin, Oleg"]
[Result "0-1"]
[WhiteElo "2309"]
[BlackElo "2436"]
[PlyCount "76"]
[EventDate "2017.??.??"]

1. Nf3 Nf6 2. c4 g6 3. g3 Bg7 4. Bg2 O-O 5. O-O d6 6. d4 Nc6 7. d5 Na5 8. Nfd2
c6 9. a3 cxd5 10. cxd5 Qc7 11. b4 Nc4 12. Qc2 Ne8 13. Ra2 Nxd2 14. Bxd2 Bf5 15.
e4 Bd7 16. Qd3 Rc8 17. Re1 a6 18. a4 Nf6 19. f3 e6 20. dxe6 Bxe6 21. Ra3 Nd7
22. f4 Bb2 23. Rc3 Bxc3 24. Nxc3 Qb6+ 25. Kh1 Bc4 26. Qb1 Rfe8 27. Be3 Qc7 28.
Bd4 f6 29. Bh3 Be6 30. f5 gxf5 31. exf5 Bf7 32. Re6 Qc4 33. Rxd6 Ne5 34. Qd1
Rcd8 35. Bxe5 Rxd6 36. Bxd6 Qxc3 37. Bf1 Kh8 38. Qg4 Bd5+ 0-1

[Event "2.BLS 1617 SF Schöneck - SC Untergromb"]
[Site "?"]
[Date "2017.02.19"]
[Round "6.5"]
[White "Maier, Christian"]
[Black "Meyer, Kai-Christian"]
[Result "1-0"]
[WhiteElo "2395"]
[BlackElo "2172"]
[PlyCount "63"]
[EventDate "2017.??.??"]

1. d4 d5 2. Nf3 Nf6 3. c4 c6 4. Qc2 dxc4 5. Qxc4 b5 6. Qc2 Bb7 7. Bg5 e6 8.
Nbd2 Nbd7 9. e4 h6 10. Bxf6 Nxf6 11. Bd3 a6 12. O-O Rc8 13. a4 Be7 14. Nb3 O-O
15. Nc5 Bxc5 16. dxc5 a5 17. Rfd1 Qc7 18. e5 Nd5 19. Qe2 Rfd8 20. Qe4 g6 21. h4
Nb4 22. h5 Nxd3 23. Rxd3 Rxd3 24. Qxd3 Rd8 25. Qe3 g5 26. Nh2 Kg7 27. Ng4 b4
28. Nf6 Ba6 29. f4 gxf4 30. Qxf4 Qe7 31. Kh2 Qxc5 32. Ng4 1-0

[Event "2.BLS 1617 SF Schöneck - SC Untergromb"]
[Site "?"]
[Date "2017.02.19"]
[Round "6.6"]
[White "Garbe, Ralf"]
[Black "Schneider, Bernd"]
[Result "1/2-1/2"]
[WhiteElo "2210"]
[BlackElo "2302"]
[PlyCount "159"]
[EventDate "2017.??.??"]

1. d4 Nf6 2. Nf3 c5 3. c3 e6 4. e3 b6 5. Nbd2 Be7 6. Bd3 Ba6 7. Bxa6 Nxa6 8.
O-O O-O 9. Qe2 Qc8 10. e4 cxd4 11. Nxd4 d6 12. N2b3 Nc5 13. f3 a6 14. Bg5 Qb7
15. Rad1 Rfd8 16. Be3 Rac8 17. Rd2 Ncd7 18. Rdd1 d5 19. exd5 Nxd5 20. Bc1 N7f6
21. f4 Bd6 22. g3 b5 23. a3 Bb8 24. Nf3 Ba7+ 25. Kh1 Ng4 26. Nbd4 Ndf6 27. Qg2
Ne4 28. h3 Ngf6 29. Kh2 a5 30. Rfe1 Rd5 31. Ne5 Bxd4 32. cxd4 Nd6 33. g4 b4 34.
axb4 Qxb4 35. Be3 Qb3 36. Rd2 Rb5 37. f5 Nd5 38. Rd3 Qxb2 39. Re2 Nxe3 40.
Rdxe3 Qxd4 41. fxe6 fxe6 42. Qf3 Rf8 43. Qc6 Qf4+ 44. Kg2 Qf1+ 45. Kg3 Rb3 46.
Nf3 Rxe3 47. Rxe3 Qd1 48. Rxe6 Nf7 49. Qe4 Qd7 50. h4 Nd6 51. Qe5 Nc4 52. Qe2
Qd5 53. Re4 Nd6 54. Re7 h5 55. Qe6+ Qxe6 56. Rxe6 hxg4 57. Kxg4 Rd8 58. Ne5 Re8
59. Rxd6 Rxe5 60. Ra6 Rb5 61. Kg3 Kh7 62. Kg4 g6 63. Ra7+ Kh6 64. Ra8 Rb4+ 65.
Kg3 Ra4 66. Rh8+ Kg7 67. Ra8 Kf6 68. Rf8+ Ke7 69. Ra8 Ra1 70. Kf4 Kf6 71. Ra6+
Kg7 72. Ra7+ Kh6 73. Kg4 a4 74. Kg3 a3 75. Ra5 Kg7 76. Ra6 Kf7 77. Kg2 a2 78.
Kh2 Kg7 79. Ra7+ Kh6 80. Ra5 1/2-1/2

[Event "2.BLS 1617 SF Schöneck - SC Untergromb"]
[Site "?"]
[Date "2017.02.19"]
[Round "6.7"]
[White "Cofman, Veaceslav"]
[Black "Weiss, Matthias"]
[Result "0-1"]
[WhiteElo "2159"]
[BlackElo "2050"]
[PlyCount "170"]
[EventDate "2017.??.??"]

1. d4 Nf6 2. c4 c5 3. d5 b5 4. cxb5 a6 5. bxa6 g6 6. Nc3 Bxa6 7. e4 Bxf1 8.
Kxf1 d6 9. g3 Bg7 10. Kg2 O-O 11. Nf3 Nbd7 12. Qd3 Qb6 13. Rb1 Rfb8 14. b3 Ng4
15. Rb2 Qb4 16. Bd2 c4 17. Qc2 Qc5 18. Rf1 cxb3 19. axb3 Rc8 20. b4 Qc4 21. Rb3
Rab8 22. Rfb1 Nb6 23. Ra3 Qe2 24. Nxe2 Rxc2 25. Rd3 Nc4 26. h3 Nge5 27. Rc3
Nxd2 28. Rxc2 Nxb1 29. Nfd4 Na3 30. Rc7 Bf6 31. f4 Nd3 32. Rc3 Ne1+ 33. Kf1
Nec2 34. e5 Nxd4 35. Nxd4 dxe5 36. Nc6 Nb5 37. Rc5 Rb7 38. fxe5 Bg5 39. Ke2 Kf8
40. Kd3 Na7 41. Nxa7 Rxa7 42. Rc8+ Kg7 43. Kc4 Be3 44. d6 exd6 45. exd6 Bf2 46.
Rc7 Ra6 47. d7 Rd6 48. g4 Kf6 49. g5+ Ke6 50. Rc8 Rxd7 51. Rh8 Kf5 52. Rxh7
Kxg5 53. Kb5 Rb7+ 54. Kc4 Bg3 55. Kc5 Bf2+ 56. Kc4 Kf6 57. Rh8 Rd7 58. Re8 Re7
59. Rb8 Re4+ 60. Kd3 Rh4 61. Ke2 Bd4 62. Rd8 Be5 63. Rd3 Rxb4 64. Kf3 Rc4 65.
Rd1 Rc3+ 66. Kg4 Rg3+ 67. Kh4 g5+ 68. Kh5 Rxh3+ 69. Kg4 Rg3+ 70. Kh5 Kf5 71.
Rf1+ Bf4 72. Kh6 Kg4 73. Kg7 f5 74. Kg6 Rd3 75. Rg1+ Bg3 76. Kf6 Rd6+ 77. Ke7
Ra6 78. Rb1 Ra4 79. Ke6 f4 80. Kf6 f3 81. Rb5 Bf4 82. Rb2 Ra6+ 83. Kf7 Kg3 84.
Rb3 Kg2 85. Rb2+ f2 0-1

[Event "2.BLS 1617 SF Schöneck - SC Untergromb"]
[Site "?"]
[Date "2017.02.19"]
[Round "6.8"]
[White "Everett, Elijah"]
[Black "Sieglen, Joachim"]
[Result "1/2-1/2"]
[WhiteElo "2116"]
[BlackElo "2233"]
[PlyCount "77"]
[EventDate "2017.??.??"]

1. e4 e6 2. d4 d5 3. Nc3 Bb4 4. e5 c5 5. a3 Bxc3+ 6. bxc3 Ne7 7. Qg4 O-O 8. Bd3
Nbc6 9. Nf3 f5 10. exf6 Rxf6 11. Ne5 c4 12. Bg5 Nxe5 13. dxe5 Rf7 14. Be2 Qc7
15. f4 Nf5 16. Qh3 Qc5 17. Bh5 g6 18. Bg4 Qe3+ 19. Kd1 Qc5 20. Bxf5 exf5 21.
Re1 Be6 22. Qe3 Rc8 23. Qxc5 Rxc5 24. Kd2 Kf8 25. Ke3 Ke8 26. Kd4 Rfc7 27. Reb1
Ra5 28. Rb4 b6 29. Rb2 Rcc5 30. h3 Rcb5 31. Rb4 Kd7 32. a4 Rc5 33. Bf6 Rc8 34.
Rg1 h5 35. Ra1 Rcc5 36. Rb2 Rc8 37. Rb5 Rc5 38. Rb2 Rc8 39. Rb5 1/2-1/2

[Event "2.BLS 1617 SC Heusenstamm - SC Emmendin"]
[Site "?"]
[Date "2017.02.19"]
[Round "6.1"]
[White "Miezis, Normunds"]
[Black "Sadzikowski, Daniel"]
[Result "0-1"]
[WhiteElo "2505"]
[BlackElo "2538"]
[PlyCount "68"]
[EventDate "2017.??.??"]

1. c4 c5 2. Nc3 g6 3. g3 Bg7 4. Bg2 Nc6 5. d3 d6 6. a3 Qd7 7. e3 Bxc3+ 8. bxc3
f5 9. f3 b6 10. e4 Bb7 11. Ne2 e5 12. Be3 O-O-O 13. Qd2 Na5 14. Rb1 h6 15. O-O
Qh7 16. Nc1 Ne7 17. Nb3 Nxb3 18. Rxb3 g5 19. exf5 Qxf5 20. Rb5 Rhg8 21. a4 Nc6
22. Rfb1 Rg7 23. Qe2 Na5 24. Qf1 Qf7 25. Rxa5 bxa5 26. d4 Qf8 27. dxc5 dxc5 28.
Rb5 Rc7 29. h3 Qd6 30. Qf2 Qd3 31. Rxc5 Qd1+ 32. Bf1 Rxc5 33. Bxc5 Rd2 34. Qe3
Bxf3 0-1

[Event "2.BLS 1617 SC Heusenstamm - SC Emmendin"]
[Site "?"]
[Date "2017.02.19"]
[Round "6.2"]
[White "Wieczorek, Oskar"]
[Black "Sokolov, Andrei"]
[Result "1-0"]
[WhiteElo "2468"]
[BlackElo "2517"]
[PlyCount "109"]
[EventDate "2017.??.??"]

1. e4 c5 2. Nf3 e6 3. d4 cxd4 4. Nxd4 Nc6 5. Nc3 Qc7 6. Be3 a6 7. a3 Nf6 8. f4
d6 9. Qf3 Bd7 10. O-O-O Rc8 11. Nb3 b5 12. g4 h6 13. h4 b4 14. axb4 Nxb4 15.
Qe2 Nxg4 16. Qxg4 Na2+ 17. Kd2 Nxc3 18. bxc3 Qxc3+ 19. Ke2 Qxc2+ 20. Nd2 d5 21.
exd5 Rc3 22. Kf2 exd5 23. Qe2 Be7 24. Nf3 Qe4 25. Rd4 Qe6 26. Bh3 Qc6 27. Bxd7+
Qxd7 28. Bd2 Rc7 29. Bb4 O-O 30. Qxe7 Qxe7 31. Bxe7 Rxe7 32. Rxd5 Rb8 33. Re1
Rxe1 34. Nxe1 g6 35. Ra5 Rb6 36. Nd3 Kg7 37. Nc5 Rb5 38. Rxb5 axb5 39. Kf3 f5
40. Na6 Kf7 41. Ke3 Kg7 42. Nb4 Kf6 43. Nc6 Kf7 44. Nb4 Kf6 45. Nd5+ Kf7 46.
Kf3 Kg7 47. Ke3 Kf7 48. Nb4 Ke6 49. Kf3 Kf7 50. Nc6 Kf6 51. Ke3 Kf7 52. h5 g5
53. Nd4 b4 54. fxg5 hxg5 55. Nxf5 1-0

[Event "2.BLS 1617 SC Heusenstamm - SC Emmendin"]
[Site "?"]
[Date "2017.02.19"]
[Round "6.3"]
[White "Cvitan, Ognjen"]
[Black "Zuyev, Igor"]
[Result "1-0"]
[WhiteElo "2473"]
[BlackElo "2430"]
[PlyCount "120"]
[EventDate "2017.??.??"]

1. c4 c5 2. Nf3 g6 3. e4 Nc6 4. d4 cxd4 5. Nxd4 Nf6 6. Nc3 d6 7. Be2 Nxd4 8.
Qxd4 Bg7 9. Be3 O-O 10. Qd2 Be6 11. Rc1 Qa5 12. f3 Rfc8 13. b3 a6 14. Na4 Qxd2+
15. Kxd2 Nd7 16. g4 Rc6 17. Nc3 Rcc8 18. Nd5 Bxd5 19. cxd5 Bb2 20. Rxc8+ Rxc8
21. Rb1 Bc3+ 22. Kd1 Nc5 23. Rc1 Bb4 24. Rc2 Rd8 25. Rc4 a5 26. Bc1 b5 27. Rc2
a4 28. Bxb5 axb3 29. axb3 Nxb3 30. Rb2 Nxc1 31. Rxb4 Na2 32. Rb3 Ra8 33. Kc2
Kg7 34. h4 Ra5 35. Kb2 Kf6 36. f4 Kg7 37. g5 Ra7 38. Bc6 f5 39. e5 Kf8 40. Rb8+
Kg7 41. e6 h5 42. Rb3 Kf8 43. Rb8+ Kg7 44. Bd7 Ra4 45. Re8 Nb4 46. Rxe7+ Kg8
47. Re8+ Kg7 48. Re7+ Kg8 49. Rf7 Ra8 50. Bc6 Rb8 51. Kc3 Rb6 52. Kc4 Nxc6 53.
dxc6 Rxc6+ 54. Kd5 Ra6 55. Rf6 Kg7 56. e7 Ra8 57. Rf8 Rxf8 58. exf8=Q+ Kxf8 59.
Kxd6 Kf7 60. Kd7 Kg8 1-0